00646cam a22002171a 4500001001300000003000400013005001700017008004100034010001700075035002000092040001900112042001200131050001600143100003600159240003000195245003300225260005100258300005300309500004900362999001700411ca 32000300 DLC20260227111126.0880829s1924 yu cf 000 0 hrv  aca 32000300  a(OCoLC)18420772 aDLCcPPiUdDLC apremarc00aPG1618b.V51 aVidrić, Vladimir,d1875-1909.10aWorks.kSelections.f192400aPjesme /cVladimir Vidrić. aZagreb :bKnjižara Z. i V. Vasića,c[1924] axv, 45 p., [1] leaf of plates :bport. ;c18 cm. a"Vladimir Vidrić" / J. Dučić: p. v-xv. c16915d16915